| 000 | 01620cam a22002655a 4500 | ||
|---|---|---|---|
| 001 | L159892 | ||
| 008 | 180321s2017 xxk f 000 0 eng d | ||
| 035 | _a(Sirsi) u159892 | ||
| 041 | _aeng | ||
| 050 | _a690.241 $2 18 | ||
| 110 |
_aHistoric England _96175 |
||
| 245 |
_aBIM for heritage _bDeveloping a historic building information model _h[electronic resource] |
||
| 260 |
_aSwindon _bHistoric England _c2017 |
||
| 300 | _aOffers guidance for owners, end-users and professionals in the fields of heritage and construction. By raising awareness of the potential advantages of a BIM approach, this guidance will help users successfully implement BIM in heritage projects. Historic BIM is, by definition, a multi-disciplinary process that requires the input and collaboration of professionals with very different skillsets. It is also a fast-developing field in terms of research, official guidance, standards and professional practice. This publication addresses the issues surrounding the production and use of BIM for historic buildings, and provides information about guidance and standards available elsewhere for managing a building?s entire life cycle effectively. | ||
| 650 | 2 | 4 |
_aBIM _96219 |
| 650 | 2 | 4 | _aHERITAGE MANAGEMENT |
| 650 | 2 | 4 | _aLIFE CYCLE |
| 650 | 2 | 4 | _aCONSERVATION |
| 650 | 2 | 4 | _aHISTORIC BUILDINGS |
| 651 | 4 |
_aUnited Kingdom _y |
|
| 700 | _aAntonopoulou, Sofia | ||
| 700 | 1 | _aBryan, Paul | |
| 856 | 4 | 0 |
_uhttps://content.historicengland.org.uk/images-books/publications/bim-for-heritage/heag-154-bim-for-heritage.pdf/ _zView the item free of charge at historicengland.org.uk |
| 942 | _n0 | ||
| 999 |
_c116143 _d116143 |
||